00755 a2200205 4500999001900000005001700019010001500036020003100051035001400082037001300096082001800109245008100127260003000208270006900238300002200307700002800329700002700357942003700384952012800421 c183535d18353520211227161542.0 aENG-130703 a978-93-89933-80-2c1095.00 aEN-114235 bDBAD/PUB a305.800954123 aThe Marginalized Self:cEdited by Rahul Ghai, Arvind K. Mishra, Sanjay Kumar aDelhibPrimus Booksc2020 aVirat Bhawan, Mukherjee Nagar, Commercial ComplexbDelhie110009 a159p.c24cm (hbk) aEdited Arvind K. Mishra aEdited by Sanjay Kumar adplcEN2ddch305.800954123mTHE 001040708NFICaMbMd2021-12-27eDBAD/PUBg1095.00l0o305.800954123 THEpEN-114235r2021-12-27 00:00:00t1v1095.00yEN